Resistencia a la compresión y peso unitario de mortero liviano, utilizando un inclusor de aire, alumimio y zinc

Gespeichert in:
Bibliographische Detailangaben
1. Verfasser: Valenciano Mora, Marco Vinicio
Format: Buch
Veröffentlicht: San José, C.R. 1999
Schlagworte:
Tags: Tag hinzufügen
Keine Tags, Fügen Sie den ersten Tag hinzu!

MARC

LEADER 00000nam a2200000Ia 4500
001 3916
003 008591
005 20221231144221.0
008 140114s1999 cr a m 000 ||s d
040 |c cru CEDI 
100 |a Valenciano Mora, Marco Vinicio  |9 8919 
245 |a Resistencia a la compresión y peso unitario de mortero liviano, utilizando un inclusor de aire, alumimio y zinc 
260 |c 1999  |a  San José, C.R. 
300 |a  xii, 138 hojas : ilustraciones (algunas a color)  
500 |a  Tesis (licenciatura en ingeniería civil)--Universidad de Costa Rica. Facultad de Ingeniería. Escuela de Ingeniería Civil 
650 |x CEMENTO PORTLAND   |x MATERIALES DE CONSTRUCCION  |9 8920 
942 |c TFG 
999 |c 18593  |d 18593